| 000 | 01215nam a22003255a 4500 | ||
|---|---|---|---|
| 999 |
_c25950 _d25922 |
||
| 003 | EG-ScBUE | ||
| 005 | 20210916110731.0 | ||
| 008 | 180117s1998 ua f 000 0 ara d | ||
| 017 | _a98 / 9150 | ||
| 020 | _a9770158011 | ||
| 040 |
_aEG-ScBUE _bara _erda _cEG-ScBUE _dEG-ScBUE |
||
| 043 | _af-ua--- | ||
| 082 | 0 | 4 |
_a338.962 _bب ب ل _222 |
| 100 | 1 |
_aببلاوي، حازم، _eمؤلف. |
|
| 245 | 1 | 2 |
_aالتغيير من أجل الاستقرار / _cد. حازم الببلاوي. |
| 250 | _aطبعة خاصة. | ||
| 264 | 1 |
_aالقاهرة : _bدار الشروق، _c1998. |
|
| 300 |
_a238 صفحة ؛ _c20 سم. |
||
| 336 |
_2rdacontent _aنص _btxt |
||
| 337 |
_2rdamedia _aبدون وسيط _bn |
||
| 338 |
_2rdacarrier _aمجلد _bnc |
||
| 490 | 0 |
_aمكتبة الأسرة. _aمهرجان القراءة للجميع. _aالأعمال الفكرية |
|
| 541 |
_cDonation ; _aDr. Bossen. |
||
| 650 | 7 |
_aالاستقرار الاقتصادي _zمصر _yقرن 20. _2BUEsh |
|
| 651 | 7 |
_aمصر _xسياسة اقتصادية _yقرن 20. _2BUEsh |
|
| 651 | 7 |
_aمصر _xسياسة وحكومة _yقرن 20. _2BUEsh |
|
| 653 |
_bBUSBOL _bGGEN _cJanuary2018 |
||
| 655 |
_vReading book _934232 |
||
| 942 | _2ddc | ||